Sports Quiz

Random Sports or Athletes Quiz

Athletes A-Z by Picture Quiz Stats

 Plays Quiz Updated Mar 2, 2017

Support Sporcle.
Go Orange.
Score 0/25 Timer 05:00
3 Plays Today
Hint Answer % Correct
AMuhammad Ali
98.5%
BUsain Bolt
94%
JMichael Jordan
93.6%
WSerena Williams
92.9%
PMichael Phelps
90.3%
FRoger Federer
89.6%
MLionel Messi
79.3%
RRonda Rousey
76.3%
IAllen Iverson
75.3%
GWayne Gretzky
74.3%
VMichael Vick
66.2%
DJoe DiMaggio
65.2%
EJohn Elway
64.1%
Hint Answer % Correct
SPete Sampras
63.9%
HMia Hamm
59.7%
ZZinedine Zidane
59.7%
NJack Nicklaus
59.2%
UBrian Urlacher
57.2%
KMichelle Kwan
46.1%
LLisa Leslie
44.4%
OBobby Orr
43.7%
YCarl Yastrzemski
35.6%
CNadia Comăneci
29.5%
QDan Quisenberry
20.4%
TSachin Tendulkar
13.1%

You're not logged in!

Compare scores with friends on all Sporcle quizzes.
OR
Log In
Forgot?

From the Vault

Crossword Blackout! VIII

by hockeystix3

You could say these letters are on the Blacklist.
Remove Ads.
Support Sporcle.
Get the best of Sporcle when you Go Orange. This ad-free experience offers more features, more stats, and more fun while also helping to support Sporcle. Thank you for becoming a member.

Show Comments

Extras

Top Quizzes Today


Score Distribution

Your Account Isn't Verified!

In order to create a playlist on Sporcle, you need to verify the email address you used during registration. Go to your Sporcle Settings to finish the process.

Report this User

Report this user for behavior that violates our Community Guidelines.

Details: